[Event "Bratislava exe op"]
[Site "Bratislava"]
[Date "2023.09.22"]
[Round "8"]
[White "Han, Oron"]
[Black "Park, Seonjae"]
[Result "1/2-1/2"]
[WhiteElo "1659"]
[BlackElo "1862"]
[PlyCount "48"]
[EventDate "2023.09.15"]
[EventType "swiss"]
[EventRounds "9"]
[EventCountry "SVK"]
[SourceTitle "EXT 2024"]
[Source "ChessBase"]
[SourceDate "2023.10.10"]
[SourceVersion "1"]
[SourceVersionDate "2023.10.10"]
[SourceQuality "1"]

1. f4 d5 2. Nf3 c5 3. b3 Nf6 4. Bb2 e6 5. e3 Be7 6. Bb5+ Bd7 7. Bxd7+ Nbxd7 8. 0-0 0-0 9. d3 b5 10. a4 a6 11. Nbd2 Qc7 12. Qe2 Nb6 13. Be5 Qc6 14. axb5 axb5 15. c4 Nfd7 16. Bc3 f6 17. e4 d4 18. Ba5 b4 19. Bxb6 Nxb6 20. f5 e5 21. Rfb1 Qb7 22. Qd1 Rxa1 23. Rxa1 Ra8 24. h4 Rxa1 1/2-1/2

[Event "Bratislava Slovakia op"]
[Site "Bratislava"]
[Date "2022.10.01"]
[Round "7"]
[White "Park, Seonjae"]
[Black "Shykhnenko, Hryhorii"]
[Result "1-0"]
[WhiteElo "1674"]
[BlackElo "1317"]
[PlyCount "43"]
[EventDate "2022.09.30"]
[EventType "swiss (rapid)"]
[EventRounds "9"]
[EventCountry "SVK"]
[SourceTitle "CBM 210 Extra"]
[Source "ChessBase"]
[SourceDate "2022.11.30"]
[SourceVersion "1"]
[SourceVersionDate "2022.11.30"]
[SourceQuality "1"]

1. d4 Nf6 2. c4 c5 3. d5 b5 4. cxb5 a6 5. e3 g6 6. Nc3 d6 7. Nf3 Bg7 8. e4 Nbd7 9. h3 axb5 10. Bxb5 0-0 11. 0-0 Ba6 12. Bxa6 Rxa6 13. Qc2 Qa5 14. Bd2 Rb8 15. Rfb1 Nb6 16. Be1 Nc4 17. Nd2 Nb6 18. Nb3 Qb4 19. a3 Qc4 20. Nd2 Qd4 21. Nf3 Qc4 22. b3 1-0